000 00917namaa22001931 4500
001 173857
003 ES-MaACL
005 20230906215353.0
008 100127s1861 sp r |||| | spa d
040 _aSpMaBN
_bspa
_cA2
100 0 _aCamprodón, Francisco.
_934301
245 1 4 _aUna niña
_b: zarzuela en un acto /
_carreglada a la escena española por Don Francisco Camprodón ; música de J. Gaztambide.
260 _aMadrid :
_b[s.n.],
_c1861 (
_fJosé Rodríguez)
300 _a50 p. ;
_c17 cm.
500 _aSolo la letra.
500 _aEn port.: Representada por primera vez en el teatro de la Zarzuela el 24 de abril de 1861.
700 0 _aGaztambide, Joaquín.
_956168
852 _aES-MaACL
_jF-8622(9)
_z.- Enc. pasta española
_q.- Falto de la cub. original
_z.- Enc. en un vol. facticio formando parte de la col. facticia "Teatro español moderno", vol. 77
_z.- Firma ms. de Gustavo Saenz Diez, 1877
999 _c173857
_d173857